Pirates of the Caribbean: Characters by Picture Clue - Statistics

General Stats
  • This quiz has been taken 53 times
  • The average score is 6 of 8
Answer Stats
Picture Answer % Correct
Captain Jack Sparrow
100%
Will Turner
98%
Davy Jones
91%
Hector Barbossa
89%
Mr Cotton
76%
Wetherby Swann
74%
Bootstrap Bill Turner
59%
Ragetti
37%
No matching quizzes found
Score Distribution
Percent of People with Each Score
Percentile by Number Answered
Your Score History
You have not taken this quiz